Statistics for Rugby Six Nations Teams

Click here to take the quiz!

General Stats

  • This quiz has been taken 133 times
  • The average score is 6 of 6

Answer Stats

Answer% Correct
England
100%
Wales
95%
Scotland
94%
Ireland
93%
France
93%
Italy
90%

Score Distribution

Percentile by Number Answered

Percent of People with Each Score

Your Score History

You have not taken this quiz